Hamilton Lyrics Sort #44 - Best of Wives and Best of Women - Statistics

General Stats
  • This quiz has been taken 53 times
  • The average score is 8 of 12
Answer Stats
Hint Answer % Correct
Line 1 Alexander, come back to sleep
100%
Line 2 I have an early meeting out of town
100%
Line 3 It's still dark outside
93%
Line 4 I know, I just need to write something down
86%
Line 5 Why do you write like you're running out of time?
79%
Line 12 Hey, best of wives and best of women
64%
Line 9 Come back to sleep
57%
Line 10 This meeting's at dawn
57%
Line 6 Shh
50%
Line 11 Well, I'm going back to sleep
50%
Line 7 Come back to bed, that would be enough
43%
Line 8 I'll be back before you know I'm gone
43%
No matching quizzes found
Score Distribution
Percent of People with Each Score
Percentile by Number Answered
Your Score History
You have not taken this quiz